Development of Component-Based Information Systems (Record no. 346567)
[ view plain ]
| 000 -LEADER | |
|---|---|
| fixed length control field | 00266 a2200097 4500 |
| 090 ## - LOCALLY ASSIGNED LC-TYPE CALL NUMBER (OCLC); LOCAL CALL NUMBER (RLIN) | |
| -- | 4112 |
| -- | 4112 |
| 100 ## - MAIN ENTRY--PERSONAL NAME | |
| Personal name | Sergio De Cesare |
| 245 ## - TITLE STATEMENT | |
| Title | Development of Component-Based Information Systems |
| 260 ## - PUBLICATION, DISTRIBUTION, ETC. | |
| Place of publication, distribution, etc. | Prentice Hall |
| Name of publisher, distributor, etc. | New Delhi |
| Date of publication, distribution, etc. | 2006 |
| 942 ## - ADDED ENTRY ELEMENTS (KOHA) | |
| Institution code [OBSOLETE] | NBS |
| Koha item type | Book |
| Call number prefix | 005.3 CES |
| Withdrawn status | Lost status | Damaged status | Not for loan | Permanent Location | Current Location | Shelving location | Date acquired | Total Checkouts | Full call number | Barcode | Date last seen | Date last checked out | Price effective from | Koha item type |
|---|---|---|---|---|---|---|---|---|---|---|---|---|---|---|
| Central Library (CL) | Central Library (CL) | First Floor - Software Engineering/ Programming Language | 08/28/2013 | 1 | 005.3 CES | NBS8170 | 11/22/2017 | 07/19/2017 | 08/28/2013 | Book |
